000 00507nam a2200181Ia 4500
001 10179
005 20260306161812.0
008 260306t2015||||xx |||||||||||||| ||spa||
041 _aESP
082 _a907.2
_bA187
100 _aAurell, Jaume
_eAUT
245 0 _aComprender el pasado, una historia de la escritura y el pensamiento:
_buna historia de la escritura y el pensamiento
260 _c2015
300 _a493 páginas :
_c24 cm.
650 _aGEN
654 _aCHU
942 _cLIB
_dJUS
_fJUS
_2ddc
_n
999 _c10179
_d10179